Từ điển cách dùng tiếng Anh = Dictionary of English usage : The most practical & useful dictionary for English learners
Gorde:
| Egile nagusia: | |
|---|---|
| Formatua: | Liburua |
| Hizkuntza: | Undetermined |
| Argitaratua: |
Thành phố Hồ Chí Minh
Trẻ
2006
|
| Gaiak: | |
| Etiketak: |
Etiketa erantsi
Etiketarik gabe, Izan zaitez lehena erregistro honi etiketa jartzen!
|
| Thư viện lưu trữ: | Trung tâm Học liệu Trường Đại học Cần Thơ |
|---|
| LEADER | 00658nam a2200217Ia 4500 | ||
|---|---|---|---|
| 001 | CTU_112495 | ||
| 008 | 210402s9999 xx 000 0 und d | ||
| 020 | |c 180000 | ||
| 082 | |a 423.1 | ||
| 082 | |b B300 | ||
| 100 | |a Lê, Đình Bì | ||
| 245 | 0 | |a Từ điển cách dùng tiếng Anh = | |
| 245 | 0 | |b Dictionary of English usage : The most practical & useful dictionary for English learners | |
| 245 | 0 | |c Lê Đình Bì | |
| 260 | |a Thành phố Hồ Chí Minh | ||
| 260 | |b Trẻ | ||
| 260 | |c 2006 | ||
| 650 | |a English language | ||
| 650 | |x Usage | ||
| 904 | |i Minh | ||
| 980 | |a Trung tâm Học liệu Trường Đại học Cần Thơ | ||